000 00455cam a2200193ua 4500
001 1994
005 20260515113430.0
008 110806n ii |||gr||||Z||||||eng
040 _cMAIN
082 _a370.1
100 _aRai, B. C.,
_eAuthor.
245 1 _aTheory of Education
_cby B. C. rai
250 _a1st.
260 _aLucknow:
_bPrakashan Kendra.
300 _a420p:
_c23cm.
653 _aEducation
653 _aTheory of Education
942 _cBK
999 _c1865
_d1865